UM Logo

A PWM method of H-bridge converter with temperature rise balancing and minimization based on periodically alternating employment of power devices / (Record no. 19914)

MARC details
000 -LEADER
fixed length control field 00990nam a22002177a 4500
003 - CONTROL NUMBER IDENTIFIER
control field OSt
005 - DATE AND TIME OF LATEST TRANSACTION
control field 20250918163107.0
008 - FIXED-LENGTH DATA ELEMENTS--GENERAL INFORMATION
fixed length control field 240401b ||||| |||| 00| 0 eng d
040 ## - CATALOGING SOURCE
Transcribing agency 0
082 ## - DEWEY DECIMAL CLASSIFICATION NUMBER
Classification number DPer 621.381 In821 September 2022 v. 37 n. 9
100 ## - MAIN ENTRY--PERSONAL NAME
Personal name Wang, Cong.
Relator term author.
9 (RLIN) 55600
245 ## - TITLE STATEMENT
Title A PWM method of H-bridge converter with temperature rise balancing and minimization based on periodically alternating employment of power devices /
Statement of responsibility, etc. Cong Wang, Changgeng Tian, Hong Cheng, and Jiaqing Deng.
260 ## - PUBLICATION, DISTRIBUTION, ETC. (IMPRINT)
Place of publication, distribution, etc. New York ;
Name of publisher, distributor, etc. The Institute of Electrical and Electronics Engineers, Inc. ,
Date of publication, distribution, etc. September 2022.
300 ## - PHYSICAL DESCRIPTION
Extent volume 37, pages 11135-11151 :
Other physical details illustration ;
Dimensions 28 cm.
500 ## - GENERAL NOTE
General note IEEE Transitions on Power Electronics, v. 37 n. 9, pages 11135-11151, September 2022.
700 ## - ADDED ENTRY--PERSONAL NAME
Personal name Wang, Cong.
Relator term author.
9 (RLIN) 55600
700 ## - ADDED ENTRY--PERSONAL NAME
Personal name Tian, Changgeng.
Relator term author.
9 (RLIN) 55601
700 ## - ADDED ENTRY--PERSONAL NAME
Personal name Cheng, Hong.
Relator term author.
9 (RLIN) 55602
700 ## - ADDED ENTRY--PERSONAL NAME
Personal name Deng, Jiaqing.
Relator term author.
9 (RLIN) 55603
942 ## - ADDED ENTRY ELEMENTS (KOHA)
Source of classification or shelving scheme Dewey Decimal Classification
Koha item type Periodicals
Holdings
Withdrawn status Lost status Source of classification or shelving scheme Damaged status Not for loan Collection code Home library Current library Date acquired Total Checkouts Full call number Date last seen Price effective from Koha item type Public note
    Dewey Decimal Classification     Periodicals UM Digos College - LIC UM Digos College - LIC 04/01/2024   DPer 621.381 In821 September 2022 v. 37 n. 9 04/01/2024 04/01/2024 Periodicals Periodical Article